00437nam a2200157Ia 4500008004100000082002900041100002700070245002300097250000600120260004500126300000800171600002700179630002300206700002700229730002300256090123s9999 xx 000 0 und d b37631a891.463/कदम aकदम अनंत aविस्कट a1 bअनघा प्रकाशनc2005 a192 aकदम अनंत aविस्कट aकदम अनंत aविस्कट